000 00288nam a2200121Ia 4500
008 190216s9999||||xx |||||||||||||| ||und||
100 _aThomas C J
245 0 _aPisukaknte Kalyanam
260 _bPoorna Pubs Kozhikode
_c1998
300 _a96p
650 _aMalayalam Nadakam
942 _cBK
999 _c25622
_d25622